000 00467nam a22001457a 4500
008 220413b |||||||| |||| 00| 0 eng d
020 _a978162698618
050 _aBX1378.L365 2020
100 _aLamb, Christopher
_951327
245 _aThe outsider:
_bPope Francis and his battle to reform the church
_c/ Christopher Lamb
260 _aMaryknoll
_bOrbis Books
_c2020
300 _axvi, 188p.
_c21cm.
600 _aFrancis, Pope
_d1936-
_915283
942 _2lcc
_cMONOGRAPH
999 _c131304
_d131304